Statistiques concernant NRJ Music Awards 2012 - Les gagnants

Cliquez ici pour prendre le quiz!

Statistiques générales

  • Ce quiz a été pris 7 fois
  • Le résultat moyen est 5 sur 15

Statistiques - réponses

HintRéponse% Correct
Artiste masculin francophoneM. Pokora
60%
Artiste féminine internationaleRihanna
60%
Award d'honneur (Féminine colombienne) (succès international)Shakira
60%
Award d'honneur (Masculin Canadien) (plus jeune artiste)Justin Bieber
40%
Groupe/duo internationaleLMFAO
40%
Artiste féminine francophoneShy'm
40%
Révélation internationaleAdele
20%
Chanson francophoneA nos actes manqués (M. Pokora)
20%
Révélation francophoneKeen'v
20%
Artiste masculin internationalMika
20%
Award d'honneur (Féminine canadienne) (diamant)Mylène Farmer
20%
Award d'honneur (Féminine française) (album le + vendus)Nolwenn Leroy
20%
Clip de l'annéeParty Rock Anthem (LMFAO)
20%
Groupe/duo francophoneSimple Plan feat Marie-Mai
20%
Chanson internationaleSomeone Like you (Adele)
20%

Distribution des résultats

Percentile par nombre de réponses

% des personnes avec chaque résultat

Votre développement - résultats

Vous n’avez pas pris ce quiz